| 000 | 00664na a2200229 4500 | ||
|---|---|---|---|
| 001 | 14923 | ||
| 003 | MIRAKIL | ||
| 005 | 20181213155125.0 | ||
| 008 | 161102b tu 000 0 | ||
| 035 | _a14923 | ||
| 040 |
_aMilas _btur _cTR-AnCHP |
||
| 041 | _atur | ||
| 082 |
_aCHP 922.97 Aşık,A.G. _bA74b [t.y] |
||
| 090 | _aCHP 922.97 Aşık,A.G. A74b [t.y] | ||
| 100 | _aAşık, A.Gani | ||
| 245 |
_aBurçak tarlasından millet meclisine _cA. Gani Aşık |
||
| 260 |
_a[y.y] _b[ yayl. y.] _c[t.y] |
||
| 300 |
_a152 s. _c19 sm. |
||
| 600 |
_aAşık, A. Gani _cCHP Milletvekili _d1937 - _xAnılar |
||
| 650 |
_aCHP milletvekilleri _xAnılar |
||
| 942 |
_2ddc _cBKS |
||
| 999 |
_c7000 _d7000 |
||